Dynamics of industrial relations in textile industries of Indore (Record no. 12915)

MARC details
000 -LEADER
fixed length control field 00457nam a2200145Ia 4500
082 ## - DEWEY DECIMAL CLASSIFICATION NUMBER
Classification number TL.0029
100 ## - MAIN ENTRY--AUTHOR NAME
Personal name Laldas, Dhirendra Kumar
245 #0 - TITLE STATEMENT
Title Dynamics of industrial relations in textile industries of Indore
260 ## - PUBLICATION, DISTRIBUTION, ETC. (IMPRINT)
Year of publication 1980
Name of publisher University of Indore
300 ## - PHYSICAL DESCRIPTION
Number of Pages xviii, 403p. + C D - 45
650 ## - SUBJECT ADDED ENTRY--TOPICAL TERM
Topical Term TEXTILE INDUSTRY - MADHYA PRADESH - INDORE
650 ## - SUBJECT ADDED ENTRY--TOPICAL TERM
Topical Term INDUSTRIAL RELATIONS - MADHYA PRADESH - INDORE
700 ## - ADDED ENTRY--PERSONAL NAME
Personal name Thomas, P.T
942 ## - ADDED ENTRY ELEMENTS (KOHA)
Koha item type Thesis
Source of classification or shelving scheme Dewey Decimal Classification
Holdings
Withdrawn status Lost status Damaged status Not for loan Home library Current library Date acquired Bill Date Full call number Accession Number Price effective from Koha item type
        NASSDOC Library NASSDOC Library 08/10/2004 2004-10-22 TL.0029 15605 18/04/2019 Thesis